书目信息 |
| 题名: |
现代化学试剂手册 第一分册
|
|
| 作者: | 段长强 编 | |
| 分册: | ||
| 出版信息: | 北京 化学工业出版社 1988.07 |
|
| 页数: | 969页 | |
| 开本: | 16开 | |
| 丛书名: | ||
| 单 册: | ||
| 中图分类: | O652.3 | |
| 科图分类: | ||
| 主题词: | 分析化学 , 分析(化学) | |
| 电子资源: | ||
| ISBN: | 7-5025-0094-4 | |
| 000 | 00615nam0 2200205 45 | |
| 001 | 0010071799 | |
| 005 | 20001007171953.9 | |
| 010 | @a7-5025-0094-4@d138.00元 | |
| 100 | @a20001007d1988 km y0chiy0120 ea | |
| 101 | 0 | @achi |
| 105 | @a z 000yy | |
| 200 | 1 | @a现代化学试剂手册 第一分册@AXian Dai Hua Xue Shi Ji Shou Ce Di Yi Fen Ce@f段长强等编@FDuan Chang Qiang Deng Bian |
| 210 | @a北京@c化学工业出版社@d1988.07 | |
| 215 | @a969页@d16开 | |
| 606 | 0 | @a分析化学 |
| 606 | 0 | @a分析(化学) |
| 690 | @aO652.3@v3 | |
| 701 | 0 | @a段长强@4编 |
| 801 | @aCN@bPftUser@c20001007 | |
| 905 | @b171914-916@dO652.3@eD675:1@f3 | |
| 现代化学试剂手册 第一分册/段长强等编.-北京:化学工业出版社,1988.07 |
| 969页;16开 |
| ISBN 7-5025-0094-4:138.00元 |
| ● |
| 相关链接 |
|
|
|
正题名:现代化学试剂手册第一分册
索取号:O652.3/D675:1
 
预约/预借
| 序号 | 登录号 | 条形码 | 馆藏地/架位号 | 状态 | 备注 |
| 1 | 171914 | 201719140 | 自科库401/401自科库 65排6列2层/ [索取号:O652.3/D675:1] | 在馆 | |
| 2 | 171915 | 201719159 | 自科库401/401自科库 65排6列2层/ [索取号:O652.3/D675:1] | 在馆 | |
| 3 | 171916 | 201719168 | 自科库401/401自科库 65排6列2层/ [索取号:O652.3/D675:1] | 在馆 |